El hijo
Oliver, dirige un taller de carpintería en un centro de reinserción social para menores. Un día la directora del centro le pide que acepte a un muchacho llamado Francis como alumno pero Oliver se rehusa y el chico es enviado a otro taller. ¿Quién es este misterioso muchacho? ¿Por qué Oliver lo sigue...
Guardado en:
| Autor Principal: | |
|---|---|
| Autor Corporativo: | |
| Otros Autores: | , , |
| Formato: | |
| Idioma: | Undetermined |
| Publicado: |
Francia :
Ministerio de Educación de la Nación,
2002.
|
| Series: | Archivo fílmico pedagógico jóvenes y escuela
|
| Materias: | |
| Etiquetas: |
Agregar Etiqueta
Sin Etiquetas, Sea el primero en etiquetar este registro!
|
| LEADER | 01396ngm a22002655a 4500 | ||
|---|---|---|---|
| 001 | CEM.cems020970 | ||
| 008 | 240403s2002####xx#---############vlund#d | ||
| 005 | 20240403143918.0 | ||
| 245 | 1 | 0 | |a El hijo |h [videograbación] / |c Jean-Pierre Dardenne, Luc Dardenne. |
| 260 | |a Francia : |b Ministerio de Educación de la Nación, |c 2002. | ||
| 300 | |a 100'. | ||
| 490 | 1 | |a Archivo fílmico pedagógico jóvenes y escuela | |
| 520 | |a Oliver, dirige un taller de carpintería en un centro de reinserción social para menores. Un día la directora del centro le pide que acepte a un muchacho llamado Francis como alumno pero Oliver se rehusa y el chico es enviado a otro taller. ¿Quién es este misterioso muchacho? ¿Por qué Oliver lo sigue y lo vigila? ¿Por qué está interasado en él? ¿Por qué parece temerle tanto? | ||
| 538 | |a Soporte: DVD -- Formato: DVD | ||
| 500 | |a Título original: Le fils - Idioma: Francés - Subtítulos: Español. | ||
| 590 | |a Identificación anterior: 392 | ||
| 100 | 1 | |a Dardenne, Jean-Pierre. | |
| 700 | 1 | |a Dozo, Marie-Hélène; Montaje. | |
| 700 | 1 | |a Gourmet, Olivier; Reparto. | |
| 700 | 1 | |a Marinne, Morgan; Reparto. | |
| 710 | 2 | |a Radio Télévision Belge de la Communauté Française. | |
| 653 | |a LARGOMETRAJE | ||
| 653 | |a FICCIÓN | ||
| 653 | |a ARCHIVO FÍLMICO PEDAGÓGICO | ||
| 859 | |a CEMS |b BIB. CEMS - Depto. Recursos Didacticos |h 778.5 |i DAR-1 |k DRD |p 3329.24 |t Ej.1 | ||
